Normal view
MARC view
Entry Topical Term
001 - CONTROL NUMBER
- control field: 1903
003 - CONTROL NUMBER IDENTIFIER
- control field: PK-LaUMT
005 - DATE AND TIME OF LATEST TRANSACTION
- control field: 20240904120109.0
008 - FIXED-LENGTH DATA ELEMENTS
- fixed length control field: 240904|| aca||aabn | a|a d
040 ## - CATALOGING SOURCE
- Original cataloging agency: PK-LaUMT
- Transcribing agency: PK-LaUMT
150 ## - HEADING--TOPICAL TERM
- Topical term or geographic name as entry element: Immunity
670 ## - SOURCE DATA FOUND
- Source citation: Work cat.: (PK-LaUMT)135001: Roitt's essential immunology /, 2011
